|
|
|
|
| LEADER |
01667nam a2200409 i 4500 |
| 001 |
EBC6670034 |
| 003 |
MiAaPQ |
| 005 |
20220529104335.0 |
| 006 |
m o d | |
| 007 |
cr cnu|||||||| |
| 008 |
220529s2013 fr a o 000 0 fre d |
| 020 |
|
|
|z 9782343020860
|q (print)
|
| 020 |
|
|
|a 9782336330136
|q (electronic bk.)
|
| 035 |
|
|
|a (MiAaPQ)EBC6670034
|
| 035 |
|
|
|a (Au-PeEL)EBL6670034
|
| 035 |
|
|
|a (OCoLC)1260345125
|
| 040 |
|
|
|a MiAaPQ
|b eng
|e rda
|e pn
|c MiAaPQ
|d MiAaPQ
|
| 043 |
|
|
|a e------
|
| 050 |
|
4 |
|a HD7096.E8
|b .C678 2013
|
| 082 |
0 |
|
|a 368.44
|2 23
|
| 100 |
1 |
|
|a Coquet, Bruno,
|e author.
|
| 245 |
1 |
2 |
|a L'assurance chomage :
|b une politique malmenee /
|c Bruno Coquet.
|
| 264 |
|
1 |
|a Paris :
|b L'Harmattan,
|c [2013]
|
| 264 |
|
4 |
|c Ã2013
|
| 300 |
|
|
|a 1 online resource (227 pages) :
|b illustrations.
|
| 336 |
|
|
|a text
|b txt
|2 rdacontent
|
| 337 |
|
|
|a computer
|b c
|2 rdamedia
|
| 338 |
|
|
|a online resource
|b cr
|2 rdacarrier
|
| 490 |
1 |
|
|a Collection Questions contemporaines
|
| 588 |
|
|
|a Description based on print version record.
|
| 590 |
|
|
|a Electronic reproduction. Ann Arbor, MI : ProQuest, 2018. Available via World Wide Web. Access may be limited to ProQuest affiliated libraries.
|
| 650 |
|
0 |
|a Unemployment insurance
|x Government policy
|z Europe.
|
| 655 |
|
4 |
|a Electronic books.
|
| 776 |
0 |
8 |
|i Print version:
|a Coquet, Bruno.
|t Assurance chomage : une politique malmenee.
|d Paris : L'Harmattan, c2013
|h 227 pages
|k Collection Questions contemporaines.
|z 9782343020860
|
| 797 |
2 |
|
|a ProQuest (Firm)
|
| 830 |
|
0 |
|a Collection Questions contemporaines.
|
| 856 |
4 |
0 |
|u https://ebookcentral.proquest.com/lib/matrademy/detail.action?docID=6670034
|z Click to View
|